000 00369nam a2200145Ia 4500
008 230917s9999||||xx |||||||||||||| ||und||
040 _e120085
_aMAIN
041 _aEnglish
082 _a547.139 M896R
100 _aMukherji, S. M.
245 0 _aReaction mechanism in organic Chemistry
260 _aJaipur
_bMacmillan India
_c1995
300 _a553p. p.
942 _cBK
999 _c93776
_d93776